Légendes Pokémon Arceus-Les Corps du Groupe Galaxie - Statistiques

Statistiques générales
  • Ce quiz a été pris 4 fois
  • Le résultat moyen est 4 sur 6
Statistiques - réponses
Chef(fe) Noms des Corps % Correct
Bélila Corps de la Défense
100%
Selena Corps des Chercheurs
100%
Nectarin Corps des Artisans
67%
Noham Corps des Agriculteurs
33%
Mélie Corps des Bâtisseurs
33%
Hygia Corps des Soignants
33%
Aucun quiz correspondant
Distribution des résultats
% des personnes avec chaque résultat
Percentile par nombre de réponses
Votre historique - résultats
Vous n’avez pas pris ce quiz